MDQL
is popping MORE tags! Check the
thread
!
Quizzes
Events
Quiz Creation
Community
Videos
Private Events
Remove Ads
Sign In
Join for FREE
Feedback
Dark Mode
Quiz Categories
Sports
Geography
Music
Movies
Television
Just For Fun
Miscellaneous
History
Literature
Language
Science
Gaming
Entertainment
Religion
Holiday
For Kids
Quiz Lab
Recent
Popular Today
Quiz Kudos Today
Editor Picks
Curator Picks
Quizzes by...
Day
Popularity
Type
Ratings
Length
Year
Community
Subscriptions
Recent Discussions
Orange Saloon
Badges
Playlists
Quests
Create
Leaderboards
Showdown
Live 5
Trivia Bingo
Activity
Puzzle Library
Sporcle Events
Private Events
Virtual Trivia
Globe League
Become a Host
Pub Owners
SporcleCon
Opinionation
Our Games
Videos
Blog
Mobile Apps
Partnerships
Remove Ads and Go Orange
Feedback
Television
TV Characters
TV Show
Sitcom
Network
Friends
Reality Shows
Cast
South Park
Star Trek
The Simpsons
Doctor Who
Television
TV Characters
TV Show
Sitcom
Network
Friends
Reality Shows
Cast
South Park
Star Trek
The Simpsons
Doctor Who
Random Quiz
Search Sporcle
×
Quiz Lab
Quiz Lab
Television
Character
Type in answers that appear in a list
Type in answers that appear in a list
Classic
Best Score? Go Orange.
Legend of Korra Characters with Bending Abilities Stats
Can you name the benders of 'The Legend of Korra'?
By
SporcleEXP
9m
64 Questions
868 Plays
868 Plays
868 Plays
Comments
Comments
Give Quiz Kudos
Give Quiz Kudos
-
- Ratings
hide this ad
Replay
Link that replays current quiz
Next Quiz
Link to next quiz in quiz playlist
You Got
0%
They Got
Avg Score
58%
Avg Friend Score
Upgrade to see
Score Distribution
Jump to the score distribution portion of the page
Score
0/64
Timer
09:00
0
Plays Today
Characters
% Correct
Avatar Korra
98.6%
Mako
96.3%
Tenzin
96.1%
Bolin
95.8%
Jinora
93.4%
Katara
91.9%
Ikki
91.3%
Meelo
91.3%
Lin Beifong
90.8%
Avatar Aang
89.1%
Suyin Beifong
88.3%
Amon
86.1%
Toph Beifong
86%
Lord Zuko
85.5%
Zaheer
82.9%
Opal
81.5%
Unalaq
80.6%
Kuvira
79.3%
Bumi
79.2%
Kai
77.6%
General Iroh
77.5%
Chief Tonraq
77%
Iroh
76.9%
Kya
76.8%
Tarrlok
75.4%
Avatar Kyoshi
75.1%
Avatar Roku
74.5%
Avatar Wan
74.5%
P'Li
74.2%
Eska
72.3%
Desna
71.1%
Ming
69.4%
Characters
% Correct
Avatar Yangchen
64.9%
Wei
64.7%
Avatar Kuruk
64%
Ghazan
62.7%
Ming-Hua
62%
Wing
61.9%
Senna
54.7%
Yakone
52.9%
Tahno
47%
Huan
45.4%
Shady Shin
43.5%
Lightning Bolt Zolt
39.7%
Two Toed Ping
39.1%
Aiwei
33.8%
Saikhan
32.3%
Hasook
31.6%
Viper
29.8%
Ryu
27.6%
Daw
24.9%
Otaku
22.5%
Zhao
20.6%
Tu
18.5%
Toza
16.7%
Yung
15.4%
Jaya
14.7%
Hong Li
14.4%
Shaozu
13.3%
Kuon
13%
Ganbat
12.7%
Skoochy
12.4%
Ahnah
10.4%
Baraz
10.2%
Quiz Playlist
Details
Report
Send in Message
Add To Playlist
Classic:
Type in answers that appear in a list
Last Updated: Feb 16, 2017
Quiz Scoreboard
CHALLENGE
Sign Up to Join the Scoreboard
Show All
Scores
Hide
Comments
May contain spoilers
Recently Published
1-10 Letter E Words III
by El_Dandy
Language
2m
Street Fighter Characters
by Artimus82
Gaming
60s
College Basketball Coaching Resumes
by pancakes188
Sports
9m
More to Explore
Quiz From the Vault
Featured Blog Post
Where Did the Easter Bunny Come From?
hide this ad
You Might Also Like...
Tags
Avatar
Avatar Characters
Character
Legend of Korra
Today's Top Quizzes in Television
Browse Television
hide this ad
Today's Top Quizzes in Character
Browse Character
Top Contributed Quizzes in Television
1
Survivor Journey Challenge
2
Adjectives in 80s TV Shows
3
Adjectives in 00s TV Shows
4
5-to-1: The Simpsons Families
5
5-to-1: Television Doctors
6
Adjectives in 10s TV Shows
7
7-to-1: TV Show Settings
8
Adjectives in 70s TV Shows
9
5-to-1: Streaming Originals
10
Survivor Seasons
Explore More
Trending Topics
Marvel
Harry Potter
NBA
Kpop
Anime
Disney
Crossword
Country
NFL
Song
Soccer
Pokémon
Puzzle
The Office
WWE
hide this ad
More By:
SporcleEXP
Quiz
Plays
Rating
Category
Featured
Created
Harry Potter Deaths in Order Minefield
3,068,623
4.18
Literature
Jan 27, 2016
Sins, Dwarfs, and Spice Girls
847,295
4.42
Just For Fun
Apr 11, 2012
Ancient History Bunker
708,234
4.28
History
Jan 20, 2014
Movie Posters VI
679,067
4.37
Movies
Nov 12, 2010
Movie Posters VII
621,889
4.44
Movies
Apr 16, 2011
Go to Creator's Profile
Score Distribution
Quiz Creator Spotlight
SporcleEXP
Follow
Send a Message
Quizzes Created
-
Created Quiz Play Count
-
More By This Creator
Popular Quizzes Today
1
Find the US States - No Outlines Minefield
2
Find the Countries of Europe - No Outlines Minefield
3
The Countries of the World
4
Find the US States
5
Risky Map Clicking: Biggest States A-Z
6
US States
7
Popular People in 1961
8
Movies - When Are They Set?
More Television Quizzes
Acrostic Lucifer
Quiz Lab
Trending Quizzes
Risky Map Clicking: Least Populous States A-Z
1-10 Letter G Words
USA Borders Longest to Shortest
1-10 Letter F Words
Countries of the World: 200 Million BC
Recently Updated
Leaping Animals
pecheneg
Reality TV Shows (A-Z)
bhenderson79
Rickey Henderson's Hall of Fame Teammates
pecheneg
Champions League XIs: Arsenal
pecheneg
Quick Pick: Celebrities in WWE's Hall of Fame
aduchscher
A-Z Keypad Blitz II
pecheneg
Multiple Oscar Actors
pecheneg
Mystery Phrase Blitz: Oscar 'Best Actors'
pecheneg
F. Scott Fitzgerald Novels
LTH
Pick 3 Villains
ddd62291
Trending Topics
Kpop
Disney
NBA
Harry Potter
Anime
Marvel
Crossword
Pokémon
NFL
Country
Soccer
Song
Puzzle
WWE
The Office
Your Account Isn't Verified!
In order to create a playlist on Sporcle, you need to verify the email address you used during registration. Go to your
Sporcle Settings
to finish the process.
Report this User
Report this user for behavior that violates our
Community Guidelines
.
Details:
Send Report
Go to the Sporcle.com Mobile Site →
Comments